|
|
|
|
| LEADER |
00000nam0a2200000 4500 |
| 001 |
234015 |
| 005 |
20231218154716.0 |
| 010 |
|
|
|a 9785444200100
|
| 035 |
|
|
|a (RuTPU)RU\TPU\book\255100
|
| 090 |
|
|
|a 234015
|
| 100 |
|
|
|a 20130315d2012 k y0rusy50 ca
|
| 101 |
0 |
|
|a rus
|
| 102 |
|
|
|a RU
|
| 105 |
|
|
|a a z 001zb
|
| 200 |
1 |
|
|a Прогрессивные технологии нанесения покрытий
|e монография
|f С. В. Авдейчик [и др.]
|g под ред. А. В. Киричека
|
| 210 |
|
|
|a Москва
|c Спектр
|d 2012
|
| 215 |
|
|
|a 269 с.
|c ил.
|
| 225 |
1 |
|
|a Машиностроение: технологии, оборудование, кадры
|
| 320 |
|
|
|a Библиография в конце разделов.
|
| 330 |
|
|
|a Монография, подготовленная коллективом специалистов России и Беларуси, посвящена актуальным проблемам повышения прочности сцепления газопламенных покрытий, применению защитных покрытий на основе металлических и полимерных частиц, исследованию влияния параметров электроискрового легирования на стабильность процесса формирования покрытий, изучению структуры и технологии фторсодержаших покрытий металлополимерных трибосистем, а также применению нанопленок эпиламов в технологических процессах механической обработки. Монография ориентирована на научных работников, аспирантов, а также всех тех, кто интересуется вопросами разработки и внедрения в производство прогрессивных технологий нанесения покрытий.
|
| 600 |
|
1 |
|a Поликарпов
|b Н. Н.
|c авиаконструктор
|c доктор технических наук
|f 1892-1944
|g Николай Николаевич
|2 stltpush
|3 (RuTPU)RU\TPU\pers\20968
|9 8643
|
| 606 |
1 |
|
|a Защитные покрытия
|x Нанесение
|2 stltpush
|3 (RuTPU)RU\TPU\subj\11431
|
| 610 |
1 |
|
|a электроискровое легирование
|
| 610 |
1 |
|
|a газоплазменные покрытия
|
| 610 |
1 |
|
|a сцепление
|
| 610 |
1 |
|
|a прочность
|
| 610 |
1 |
|
|a металлические матрицы
|
| 610 |
1 |
|
|a полимерные матрицы
|
| 610 |
1 |
|
|a металлополимерные трибосистемы
|
| 610 |
1 |
|
|a нанопленки
|
| 610 |
1 |
|
|a эпиламы
|
| 675 |
|
|
|a 621.793
|v 3
|
| 701 |
|
1 |
|a Авдейчик
|b С. В.
|g Сергей Валентинович
|
| 701 |
|
1 |
|a Воронов
|b А. С.
|g Александр Сергеевич
|
| 701 |
|
1 |
|a Давыдов
|b В. М.
|g Владимир Михайлович
|
| 701 |
|
1 |
|a Звягина
|b Е. А.
|g Елена Александровна
|
| 701 |
|
1 |
|a Иванов
|b В. П.
|g Владимир Петрович
|
| 701 |
|
1 |
|a Кравченко
|b В. И.
|g Виктор Иванович
|
| 702 |
|
1 |
|a Киричек
|b А. В.
|4 340
|
| 801 |
|
1 |
|a RU
|b 63413507
|c 20130315
|
| 801 |
|
2 |
|a RU
|b 63413507
|c 20150616
|g RCR
|
| 942 |
|
|
|c BK
|